| 000 | 00564nam a2200217Ia 4500 | ||
|---|---|---|---|
| 005 | 20250508160442.0 | ||
| 008 | 008 250505s9999 xx 000 0 eng d | ||
| 037 | _aTextual | ||
| 040 |
_aFEDL _beng _cFEDL |
||
| 041 |
_aeng _2eng |
||
| 084 |
_a301, KAR _qFEDL |
||
| 100 |
_aKarve Irawati _9135735 |
||
| 245 | 0 | _aHindu society - An interpretation | |
| 250 | _a2 | ||
| 260 |
_aPoona, India _bDeshmukh Prakashan _c1968 |
||
| 300 | _a180p. | ||
| 365 |
_aINR _b15 |
||
| 650 | _aSociology | ||
| 942 |
_cTEXL _h301, KAR |
||
| 999 |
_c1364685 _d1364685 |
||